| 000 | 00502nmm a2200145Ia 4500 | ||
|---|---|---|---|
| 008 | 251105s9999||||xx |||||||||||||||||und|| | ||
| 020 | _a9788469495780 | ||
| 041 | _aspa | ||
| 245 | 0 | _aLecturas sobre economía de la educación : homenaje a Mª Jesús San Segundo | |
| 264 |
_a[Madrid, España] : _bMinisterio de Educación, Cultura y Deporte de España, _c2012 |
||
| 300 | _a398 páginas | ||
| 650 | _aEconomics and Business | ||
| 856 | _uhttps://public.digitaliapublishing.com/a/17760 | ||
| 942 | _cCF | ||
| 999 |
_c84714 _d84714 |
||